000 00598nam a22002057a 4500
003 OSt
005 20210416101320.0
008 210306s1970 ||||| |||| 00| 0 eng d
040 _aeng
_beng
_cDLC
041 _aeng
080 _a821.111
_bS-43
100 _9954
_aSegal, Erich
245 _aLove Story
_c/ by: A Signet Book, The New American Library
260 _aNew York
_bA Signet Book, The New American Library
_c1970
300 _a131 p.
365 _b0.95 usd
650 0 _9247
_aEnglish literature
653 _aინგლისური ლიტერატურა
942 _2udc
_cBK
999 _c2023
_d2023